000
00317nam a22001337a 4500
008
181022b xxu||||| |||| 00| 0 eng d
020
_a
9781591470304
041
_a
eng
080
_a
159.9
100
_a
49
101
_a
PSI
245
_a
From Child Sexual Abuse to Adult Sexual Risk
_c
Koenig, L.J
942
_2
udc
_c
BK
999
_c
50491
_d
50491